Abuja (Record no. 38697)

MARC details
000 -LEADER
fixed length control field 00446nam a2200157Ia 4500
022 ## - INTERNATIONAL STANDARD SERIAL NUMBER
ISSN QA 1 .M38/
050 ## - CALL MARK
Classification number The mathematician: quarterly news magazine of the national mathematical centre
245 #0 - TITLE STATEMENT
Title Abuja
260 ## - PUBLICATION, DISTRIBUTION, ETC. (IMPRINT)
Place of publication National Mathematical Centre
260 ## - PUBLICATION, DISTRIBUTION, ETC. (IMPRINT)
Name of publisher 2012
260 ## - PUBLICATION, DISTRIBUTION, ETC. (IMPRINT)
Year of publication 57 p. : ill. ; 29 cm.
300 ## - PHYSICAL DESCRIPTION
Number of Pages Mathematics--Periodicals.
650 ## - SUBJECT ADDED ENTRY--TOPICAL TERM
Topical Term SR

No items available.